Shifting cultivation and soil conservation in Africa

Uloženo v:
Podrobná bibliografie
Hlavní autor: FAO
Médium: Kniha
Jazyk:Undetermined
Vydáno: Rome FAO 1974
Témata:
Tagy: Přidat tag
Žádné tagy, Buďte první, kdo otaguje tento záznam!
Thư viện lưu trữ: Trung tâm Học liệu Trường Đại học Cần Thơ
LEADER 00466nam a2200181Ia 4500
001 CTU_30170
008 210402s9999 xx 000 0 und d
082 |a 631.4 
082 |b F218/24 
100 |a FAO 
245 0 |a Shifting cultivation and soil conservation in Africa 
245 0 |c FAO 
260 |a Rome 
260 |b FAO 
260 |c 1974 
650 |a soil conservation 
904 |i Liên, 990312 
980 |a Trung tâm Học liệu Trường Đại học Cần Thơ